A porta (Registo nº 1559)

Detalhes MARC
000 -Etiqueta do registo
Cabeçalho 00692nam0a2200253 4500
005 - Identificador da versão
Campo de controlo 20240813121840.0
010 ## - Número internacional normalizado dos livros (ISBN)
Número (ISBN) 9789895575817
021 ## - Número do Depósito Legal
Código do país PT
Número 289613/09
100 ## - Dados gerais de processamento
Dados gerais de processamento 20160226 2009 m y0pory500305 ba
102 ## - Pais de publicação ou produção
País de publicação Portugal
101 0# - Língua de publicação
Língua do texto, banda sonora, etc. Português
Língua do documento no original Português
215 ## - Descrição física 
Indicação específica da natureza do documento e extensão da espécie 87 p.
Outras indicações físicas il. color
200 1# - Titulo e menção de responsabilidade
Título próprio A porta
Primeira menção de responsabilidade José Fanha
Outras menções de responsabilidade il. Mónica Cid
205 ## - Menção da edição
Menção da edição 1ª ed
210 ## - Publicação, Distribuição, etc. 
Lugar da edição, distribuição, etc. Alfragide
Nome do editor, distribuidor, etc. Gailivro
Data da publicação, distribuição, etc. 2009
606 ## - Nome comum usado como assunto
Número de registo de entrada de autoridade 0002010
Palavra de ordem Literatura portuguesa
Subdivisão de assunto Conto
Código do sistema CA
675 ## - Classificação Decimal Universal (CDU)
Notação 821.134.3-34
Edição 3ª ed.
Língua da edição por
702 #1 - Nome de autor-pessoa física (responsabilidade secundária)
Número de registo de entrada de autoridade 0002680
Palavra de ordem Cid
Outra parte do nome não tomada para palavra de ordem Mónica
Código de função Ilustrador / Técnico de desenho computorizado
700 #1 - Nome de autor-pessoa física (responsabilidade principal)
Número de registo de entrada de autoridade 0002652
Palavra de ordem Fanha
Outra parte do nome não tomada para palavra de ordem José
Datas 1951-
966 ## - Identificação da Biblioteca
Sigla EB2,3ENM
942 ## - Elementos de entrada adicionados (Koha)
Tipo de item no Koha Livro
Exemplares
Situação do levantamento Origin of item (home branch) (coded) Biblioteca de empréstimo Código de barras Cota Circulation type (not for loan) Tipo de documento Nota do exemplar Damaged status
  Biblioteca Escolar Eng. Nuno Mergulhão Biblioteca Escolar Eng. Nuno Mergulhão BENM3071 82LP-34 FAN   Livro Sem mensagem